000 00341nam a22001457a 4500
008 221122b ||||| |||| 00| 0 eng d
020 _a9780803617209
041 _aeng
080 _23 edition
_a617
082 _a617 STA
100 _a15.1
101 _aORTO
245 _aORTHOPEDIC AND ATHLETIC INJURIES
_cSTARKEY CH
942 _2udc
_cBK
999 _c59011
_d59011